Industrialización tardía y estado en Ecuador: elementos de análisis
Сохранить в:
| Главный автор: | |
|---|---|
| Соавтор: | |
| Формат: | Текст |
| Опубликовано: |
Quito:
FLACSO
|
| Метки: |
Добавить метку
Нет меток, Требуется 1-ая метка записи!
|
MARC
| LEADER | 00000 a a2200000 04500 | ||
|---|---|---|---|
| 001 | 24385 | ||
| 003 | |||
| 040 | |||
| 090 | |a 172800 | ||
| 100 | |a Pérez Sáinz, Juan Pablo | ||
| 110 | |a FLACSO | ||
| 245 | |a Industrialización tardía y estado en Ecuador: elementos de análisis | ||
| 260 | |a Quito: |b FLACSO | ||
| 300 | |a pp. 109-127 |b **no definido** | ||
| 999 | |c 10993 |d 10993 | ||
